Remaking Money for a Sustainable Future (Record no. 182600)

MARC details
000 -LEADER
fixed length control field 00393nmm a2200133Ia 4500
100 ## - MAIN ENTRY--PERSONAL NAME
Personal name Barinaga Martín, Ester
245 #0 - TITLE STATEMENT
Title Remaking Money for a Sustainable Future
260 ## - PUBLICATION, DISTRIBUTION, ETC. (IMPRINT)
Place of publication Bristol University Press
Year of publication 2024
650 ## - SUBJECT ADDED ENTRY--TOPICAL TERM
Topical Term History
856 ## - ELECTRONIC LOCATION AND ACCESS
Uniform Resource Identifier https://www.jstor.org/stable/10.2307/jj.9692645
942 ## - ADDED ENTRY ELEMENTS (KOHA)
Koha item type
Holdings
Withdrawn status Lost status Damaged status Not for loan Permanent Location Current Location Date acquired Price effective from Koha item type
        Library and Documentation Division NCERT Library and Documentation Division NCERT 11/19/2024 11/19/2024